Géographie de l'Amérique du Nord par lettre - E - Statistiques

Statistiques générales
  • Ce quiz a été pris 251 fois
  • Le résultat moyen est 10 sur 20
Statistiques - réponses
Indice Réponse % Correct
Pays le plus peuplé d'Amérique du Nord États-Unis
99%
Sa sève permet la confection d'un délicieux sirop Érable à sucre
90%
Saint-Jean à Terre-Neuve est la ville la plus à l'___ du continent Est
85%
Gratte-ciel escaladé par King Kong Empire State Building
83%
Mesure économique imposée par les États-Unis sur Cuba Embargo
68%
Phénomène responsable de la création du Grand Canyon Érosion
68%
Un des Grands lacs Érié
63%
Il est appelé « orignal » en Amérique du Nord Élan
58%
Terme qui désigne l'embouchure d'un fleuve; celui du Saint-Laurent est le plus grand au monde Estuaire
58%
Zone humide tropicale au sud de la Floride Everglades
56%
Terme qui désigne les autochtones de l'Arctique Esquimau
52%
Catastrophe naturelle qui a tué 1680 personnes en 1902 à Saint-Vincent-et-les-Grenadines Éruption volcanique
50%
Ville au New Jersey nommée d'après un inventeur Edison
47%
Capitale de l'Alberta Edmonton
46%
Île à NYC, autrefois l'entrée principale des immigrants qui arrivaient aux États-Unis Ellis Island
40%
Ville texane à la frontière du Mexique El Paso
33%
Le Saint-Laurent est également le plus grand fleuve à posséder ce type d'infrastructure Écluse
24%
Quatrième plus grand lac canadien: Grand lac des ... Esclaves
12%
Ancienne franchise de baseball à Montréal et le nom d'un événement accueilli par celle-ci en 1967 Expo
8%
Dixième plus grande île du monde, située au Nunavut à quelques km du Groenland Île d'{Ellesmere}
7%
Aucun quiz correspondant
Distribution des résultats
% des personnes avec chaque résultat
Percentile par nombre de réponses
Votre historique - résultats
Vous n’avez pas pris ce quiz